LEADER 01288cam0-22004451i-450- 001 990006803540403321 005 20050426124214.0 010 $a88-15-04615-1 035 $a000680354 035 $aFED01000680354 035 $a(Aleph)000680354FED01 035 $a000680354 100 $a20010426d1994----km-y0itay50------ba 101 1 $aita$cfre 102 $aIT 105 $ay-------001yy 200 1 $a<>forza del pregiudizio$esaggio sul razzismo e sull'antirazzismo$fPierre-André Taguieff 210 $aBologna$cil Mulino$d[1994] 215 $a646 p.$d21 cm 225 1 $aCollezione di testi e di studi$iSociologia 300 $aTrad. di Michele Canosa, Paola Cristalli 454 0$12001$a<>force du préjugé$1210$dc1987$945251 610 0 $aRazzismo 610 0 $aDiscriminazione razziale 610 0 $aAntirazzismo 676 $a305.8 676 $a15520 676 $a320.56 700 1$aTaguieff,$bPierre-André$f<1946- >$0375322 801 0$aIT$bUNINA$gRICA$2UNIMARC 901 $aBK 912 $a990006803540403321 952 $aIX A 839$b24517$fFSPBC 952 $a15520 TAG$b15368$fSES 952 $a305.8 TAG 1$b5239$fBFS 959 $aFSPBC 959 $aSES 959 $aBFS 996 $aForce du préjugé$945251 997 $aUNINA LEADER 01190nam0 22002771i 450 001 UON00383120 005 20231205104537.272 010 $a07-7700-157-8 100 $a20100707d1976 |0itac50 ba 101 $afre 102 $aCA 105 $a|||| 1|||| 200 1 $aProble?mes de se?miologie the?a?trale$fpar Patrice Pavis 210 $aMontre?al$cPresses de l'Universite? du Que?bec$d1976. - 167 p.$cill. ; 23 cm. 410 1$1001UON00383122$12001 $aGenres et Discours$1210 $aMontre?al$cPresses de l?Universite? du Que?bec$v2 606 $aTEATRO$xSemiotica$3UONC076030$2FI 620 $aCA$dMontréal$3UONL000242 676 $a792$cRappresentazioni sceniche$v21 700 1$aPAVIS$bPatrice$3UONV132161$0223325 712 $aPresses de l'Université du Québec$3UONV269954$4650 801 $aIT$bSOL$c20240220$gRICA 899 $aSIBA - SISTEMA BIBLIOTECARIO DI ATENEO$2UONSI 912 $aUON00383120 950 $aSIBA - SISTEMA BIBLIOTECARIO DI ATENEO$dSI Francese IX PAV $eSI LO 5254 7 $sBuono 996 $aProble?mes de se?miologie the?a?trale$91357679 997 $aUNIOR